000 00211 a2200097 4500
001 9037
100 _aCerf, B A
245 _aSixteen famous british plays
260 _a
_bModern Library
_c
090 _c7220
_d7220
942 _aNUST-CAE
_cM
_c33846
999 _c244110
_d244110